| 000 | 00711nam a22001817a 4500 | ||
|---|---|---|---|
| 008 | 131111b xxu||||| |||| 00| 0 ger d | ||
| 020 | _a385428456X | ||
| 041 | 0 | _ager | |
| 080 | _a330.34 | ||
| 100 | 1 | _aMessner, Stepahnie | |
| 245 | 1 | 0 |
_aDie kostenrechnung im spannungsfeld internationaler entwicklungen : _cStephanie Messner |
| 260 |
_aWien : _bFaclutas ; _c2003. |
||
| 300 |
_a386 f. : _c24 cm. |
||
| 490 | _a"Forschungsergebnisse der wirtschaftsuniversitat Wien" | ||
| 505 | _aLiteraturverzeichnis : f. 365-385 | ||
| 650 | _aFinanca ndërkombëtare | ||
| 942 |
_2udc _cBK |
||
| 999 |
_c253 _d253 |
||